• 首页
  • 本馆介绍
  • 公告通知
  • 最新文献
  • 馆藏检索
  • 电子资源
  • 读者导购
  • 参考咨询
  • 我的图书馆
  • 登录
  • 详细信息显示
  • 放入我的书架
  • 预约/预借图书
  • 作者相关作品
  • 分类相关作品
  • 丛书相关作品
  • 出版社相关作品

书目信息

  • 表格格式
  • 工作单格式
  • 卡片格式
题名:
当代中国马克思主义经济学家
    
 
作者: 刘思华 编著 ;项启源 , 杨承训 主编
分册:  
出版信息: 广州   世界图书出版公司  2013
页数: 506页
开本: 26cm
丛书名:
单 册:
中图分类: F092.7
科图分类:
主题词: 马克思主义--ma ke si zhu yi--经济思想--研究--中国--现代
电子资源:
ISBN: 978-7-5100-4619-3
000 01252nam0 2200277 450
001 2337175427
005 20231214102015.24
010    @a978-7-5100-4619-3@dCNY96.00
100    @a20210325d2013 em y0chiy50 ea
101 0  @achi
102    @aCN@b440000
105    @ay z 000yy
200 1  @a当代中国马克思主义经济学家@Adang dai zhong guo ma ke si zhu yi jing ji xue jia@e批判与创新@f刘思华编著
205    @a第2版
210    @a广州@c世界图书出版公司@d2013
215    @a506页@d26cm
314    @a本书主编: 刘思华, 项启源, 杨承训
330    @a本书精心选编了不同年龄段的当代中国马克思主义经济学知名专家学者的论文: 80多岁的有刘国光、胡代光、卫兴华、张薰华、项启源等; 70多岁的有吴易风、吴宣恭、洪远朋、杨承训、刘思华等; 60多岁的有程恩富、林岗、王振中、李炳炎、何干强等; 50多岁的有左大培、白暴力、马燕、杨志、张忠任等; 40多岁的有胡乐明、余斌、张宇、孟捷、丁堡骏等。他们形成了多姿多彩的马克思主义经济理论与学术风格。
517 1  @a批判与创新@Api pan yu chuang xin
606 0  @a马克思主义@Ama ke si zhu yi@x经济思想@x研究@y中国@z现代
690    @aF092.7@v5
701  0 @a刘思华@Aliu si hua@4编著
702  0 @a项启源@Axiang qi yuan@4主编
702  0 @a杨承训@Ayang cheng xun@4主编
801  0 @aCN@b湖北三新@c20210325
905    @aZUCC@dF092.7@e15=2
    
    当代中国马克思主义经济学家:批判与创新/刘思华编著.-第2版.-广州:世界图书出版公司,2013
    506页;26cm
    
    
    ISBN 978-7-5100-4619-3:CNY96.00
    本书精心选编了不同年龄段的当代中国马克思主义经济学知名专家学者的论文: 80多岁的有刘国光、胡代光、卫兴华、张薰华、项启源等; 70多岁的有吴易风、吴宣恭、洪远朋、杨承训、刘思华等; 60多岁的有程恩富、林岗、王振中、李炳炎、何干强等; 50多岁的有左大培、白暴力、马燕、杨志、张忠任等; 40多岁的有胡乐明、余斌、张宇、孟捷、丁堡骏等。他们形成了多姿多彩的马克思主义经济理论与学术风格。
●
相关链接 在五车中查询图书 在当当中查询图书 在豆瓣中查询图书


正题名:当代中国马克思主义经济学家     索取号:F092.7/15=2         预约/预借

序号 登录号 条形码 馆藏地/架位号 状态 备注
1 2001469070   2001469070   315书库/ [索取号:F092.7/15=2] 在馆    
2 2001469071   2001469071   315书库/ [索取号:F092.7/15=2] 在馆    
3 2001469072   2001469072   315书库/ [索取号:F092.7/15=2] 在馆    
4 2001469073   2001469073   218书库/ [索取号:F092.7/15=2] 在馆    
5 2001469074   2001469074   218书库/ [索取号:F092.7/15=2] 在馆    
6 2001469075   2001469075   315书库/ [索取号:F092.7/15=2] 在馆    
7 2001469076   2001469076   315书库/ [索取号:F092.7/15=2] 在馆    
8 2001469077   2001469077   218书库/ [索取号:F092.7/15=2] 在馆    
9 2001469078   2001469078   218书库/ [索取号:F092.7/15=2] 在馆    
10 2001469079   2001469079   218书库/ [索取号:F092.7/15=2] 在馆    
11 2001469080   2001469080   218书库/ [索取号:F092.7/15=2] 在馆    
12 2001469081   2001469081   315书库/ [索取号:F092.7/15=2] 在馆    
13 2001469082   2001469082   第四书库/四20架B面1层5列/ [索取号:F092.7/15=2] 在馆    
14 2001469083   2001469083   第四书库/四20架B面1层5列/ [索取号:F092.7/15=2] 在馆    
15 2001469084   2001469084   512书库/ [索取号:F092.7/15=2] 在馆    
16 2001469085   2001469085   512书库/ [索取号:F092.7/15=2] 在馆    
17 2001469086   2001469086   第四书库/四20架B面5层4列/ [索取号:F092.7/15=2] 在馆    
18 2001469087   2001469087   第四书库/四20架B面5层4列/ [索取号:F092.7/15=2] 在馆    
19 2001469088   2001469088   512书库/ [索取号:F092.7/15=2] 在馆    
20 2001469089   2001469089   512书库/ [索取号:F092.7/15=2] 在馆    
21 2001469090   2001469090   512书库/ [索取号:F092.7/15=2] 在馆    
22 2001469091   2001469091   第四书库/四20架B面1层5列/ [索取号:F092.7/15=2] 在馆    
23 2001469092   2001469092   第四书库/四20架B面1层5列/ [索取号:F092.7/15=2] 在馆    
24 2001469093   2001469093   第四书库/四20架B面1层5列/ [索取号:F092.7/15=2] 在馆    
25 2001469094   2001469094   512书库/ [索取号:F092.7/15=2] 在馆    
26 2001469095   2001469095   第四书库/四20架B面1层5列/ [索取号:F092.7/15=2] 在馆    
27 2001469096   2001469096   第四书库/四20架B面1层5列/ [索取号:F092.7/15=2] 在馆    
28 2001469097   2001469097   第四书库/四20架B面5层4列/ [索取号:F092.7/15=2] 在馆    
29 2001469098   2001469098   第四书库/四20架B面5层4列/ [索取号:F092.7/15=2] 在馆    
30 2001469099   2001469099   第四书库/四20架B面5层4列/ [索取号:F092.7/15=2] 在馆    
山东省滨州职业学院图书馆 欢迎您!
大连网信软件有限公司© 版权所有